Todos los Municipios de México 2026 - Estadísticas

Estadísticas generales
  • Esta prueba ha sido intentada 12 veces
  • La puntuación promedio es 363 de 2478
Respuestas en el mapa
Las respuestas están codificadas por una escala verde-roja en el mapa de la prueba según el % correcto abajo.
 
Estadísticas de respuestas
Estado Municipio % Correcto
Baja California Sur Los Cabos
83%
Baja California Mexicali
83%
Guerrero San Luis Acatlán
83%
Baja California Tijuana
83%
Ciudad de México | Guerrero | Quintana Roo | +4 others Benito Juárez
67%
Chihuahua | Ciudad de México | Colima | Zacatecas Cuauhtémoc
67%
Durango Durango
67%
Durango El Oro
67%
Jalisco Guadalajara
67%
Chihuahua | Nuevo León | Puebla | Zacatecas Guadalupe
67%
Oaxaca Guadalupe de Ramírez
67%
Chiapas | Chihuahua | Coahuila | +2 others Juárez
67%
Baja California Sur | Estado de México La Paz
67%
Jalisco | Sonora | Veracruz Magdalena
67%
Chihuahua | Coahuila | Tamaulipas Matamoros
67%
Yucatán Mérida
67%
Ciudad de México Miguel Hidalgo
67%
Nuevo León Monterrey
67%
Quintana Roo Playa del Carmen
67%
Oaxaca San Lorenzo Victoria
67%
Oaxaca Santa Ana Cuauhtémoc
67%
Nuevo León Santiago
67%
Oaxaca Santo Domingo de Morelos
67%
Nayarit Tepic
67%
Estado de México Toluca
67%
Coahuila | Puebla | San Luis Potosí | Veracruz Zaragoza
67%
Jalisco Acatlán de Juárez
50%
Oaxaca Acatlán de Pérez Figueroa
50%
Coahuila Acuña
50%
Aguascalientes Aguascalientes
50%
Chihuahua | Coahuila | Nuevo León Allende
50%
Ciudad de México | Michoacán Álvaro Obregón
50%
Ciudad de México Azcapotzalco
50%
Yucatán Baca
50%
Campeche Calkiní
50%
Campeche Campeche
50%
Durango Canatlán
50%
Durango Canelas
50%
Estado de México Chiconcuac
50%
Chihuahua Chihuahua
50%
Estado de México Chimalhuacán
50%
Baja California Sur Comondú
50%
Ciudad de México Coyoacán
50%
Quintana Roo Cozumel
50%
Ciudad de México Cuajimalpa de Morelos
50%
Coahuila Cuatro Ciénegas
50%
Durango Cuencamé
50%
Morelos Cuernavaca
50%
Estado de México Ecatepec de Morelos
50%
Baja California Ensenada
50%
Quintana Roo Felipe Carrillo Puerto
50%
Coahuila | Hidalgo Francisco I. Madero
50%
Coahuila Frontera
50%
Durango General Simón Bolívar
50%
Durango Gómez Palacio
50%
Durango | Puebla Guadalupe Victoria
50%
Durango Guanaceví
50%
Ciudad de México Gustavo A. Madero
50%
Sonora Hermosillo
50%
Coahuila | Durango | Michoacán | +2 others Hidalgo
50%
Nayarit Huajicori
50%
Estado de México Huixquilucan
50%
Durango Indé
50%
Veracruz Isla
50%
Quintana Roo Isla Mujeres
50%
Chiapas Ixtapa
50%
Estado de México Ixtapan de la Sal
50%
Estado de México Ixtapan del Oro
50%
Ciudad de México Iztacalco
50%
Ciudad de México Iztapalapa
50%
Chihuahua | Coahuila | Michoacán | Tamaulipas Jiménez
50%
Quintana Roo José María Morelos
50%
Ciudad de México La Magdalena Contreras
50%
Guerrero La Unión de Isidoro Montes de Oca
50%
Guanajuato León
50%
Durango Lerdo
50%
Baja California Sur | Zacatecas Loreto
50%
Durango Mapimí
50%
Durango Mezquital
50%
Ciudad de México Milpa Alta
50%
Coahuila Monclova
50%
Michoacán Morelia
50%
Chihuahua | Coahuila | Estado de México | +2 others Morelos
50%
Baja California Sur Mulegé
50%
Coahuila Múzquiz
50%
Coahuila Nadadores
50%
Estado de México Naucalpan de Juárez
50%
Coahuila Nava
50%
Durango Nazas
50%
Estado de México Nezahualcóyotl
50%
Durango Nombre de Dios
50%
Chihuahua | Coahuila | Durango | +3 others Ocampo
50%
Durango Otáez
50%
Hidalgo Pachuca de Soto
50%
Coahuila Parras
50%
Durango Peñón Blanco
50%
Baja California Playas de Rosarito
50%
Durango Poanas
50%
Coahuila | Yucatán Progreso
50%
Hidalgo Progreso de Obregón
50%
Puebla Puebla
50%
Durango | Guanajuato Pueblo Nuevo
50%
Chiapas Pueblo Nuevo Solistahuacán
50%
Querétaro Querétaro
50%
Coahuila Ramos Arizpe
50%
Durango Rodeo
50%
Coahuila Sabinas
50%
Coahuila Sacramento
50%
Coahuila Saltillo
50%
Veracruz San Andrés Tuxtla
50%
Durango San Bernardo
50%
Nayarit San Blas
50%
Coahuila San Buenaventura
50%
Jalisco San Cristóbal de la Barranca
50%
Chiapas San Cristóbal de las Casas
50%
Durango San Dimas
50%
Baja California | Guanajuato | Yucatán San Felipe
50%
Guanajuato San Francisco del Rincón
50%
Oaxaca San José del Progreso
50%
Oaxaca San Juan Atepec
50%
Durango San Juan de Guadalupe
50%
Durango | Oaxaca | Querétaro San Juan del Río
50%
Coahuila San Juan de Sabinas
50%
Oaxaca San Miguel del Río
50%
Oaxaca San Miguel Piedras
50%
Coahuila San Pedro
50%
Nuevo León San Pedro Garza García
50%
Baja California San Quintín
50%
Durango Santa Clara
50%
Jalisco | Nayarit Santa María del Oro
50%
Oaxaca Santa María Ecatepec
50%
Oaxaca Santiago del Río
50%
Durango Santiago Papasquiaro
50%
Oaxaca Santiago Tillo
50%
Coahuila Sierra Mojada
50%
Durango Súchil
50%
Jalisco Talpa de Allende
50%
Durango Tamazula
50%
Jalisco Tamazula de Gordiano
50%
Tamaulipas Tampico
50%
Estado de México Tecámac
50%
Baja California Tecate
50%
Estado de México Teotihuacán
50%
Durango Tepehuanes
50%
Jalisco | Veracruz Tequila
50%
Estado de México Texcoco
50%
Ciudad de México Tláhuac
50%
Durango Tlahualilo
50%
Morelos Tlalnepantla
50%
Estado de México Tlalnepantla de Baz
50%
Ciudad de México Tlalpan
50%
Durango Topia
50%
Coahuila Torreón
50%
Estado de México Tultitlán
50%
Quintana Roo Tulum
50%
Jalisco | Michoacán | Nayarit | Veracruz Tuxpan
50%
Chiapas | Ciudad de México | Michoacán | Puebla Venustiano Carranza
50%
Puebla Vicente Guerrero
50%
Coahuila Viesca
50%
Jalisco | San Luis Potosí | Sonora | Zacatecas Villa Hidalgo
50%
Coahuila Villa Unión
50%
Ciudad de México Xochimilco
50%
Coahuila | Guanajuato | Nuevo León | Tamaulipas Abasolo
33%
Estado de México Acambay de Ruíz Castañeda
33%
Nayarit Acaponeta
33%
Guerrero Acapulco de Juárez
33%
Hidalgo Acaxochitlán
33%
Estado de México Acolman
33%
Sonora Aconchi
33%
Sonora Agua Prieta
33%
Nayarit | Puebla Ahuacatlán
33%
Chihuahua Ahumada
33%
Sonora Álamos
33%
Chiapas | Chihuahua | Tamaulipas Aldama
33%
Sonora Altar
33%
Nayarit Amatlán de Cañas
33%
Veracruz Amatlán de los Reyes
33%
Jalisco Ameca
33%
Estado de México Amecameca
33%
Nuevo León Anáhuac
33%
Chihuahua Aquiles Serdán
33%
Sonora Arivechi
33%
Sonora Arizpe
33%
Coahuila | Michoacán Arteaga
33%
Chihuahua Ascensión
33%
Aguascalientes Asientos
33%
Estado de México Atenco
33%
Sonora Atil
33%
Sonora Bacadéhuachi
33%
Quintana Roo Bacalar
33%
Sonora Bacanora
33%
Sonora Bacerac
33%
Sonora Bacoachi
33%
Sonora Bácum
33%
Nayarit Bahía de Banderas
33%
Sonora Baviácora
33%
Sonora Bavispe
33%
Sonora Benjamín Hill
33%
Chihuahua Buenaventura
33%
Querétaro Cadereyta de Montes
33%
Nuevo León Cadereyta Jiménez
33%
Campeche Calakmul
33%
Aguascalientes Calvillo
33%
Chihuahua | Tamaulipas Camargo
33%
Coahuila Candela
33%
Campeche Candelaria
33%
Campeche Carmen
33%
Tamaulipas Casas
33%
Chihuahua Casas Grandes
33%
Coahuila Castaños
33%
Guanajuato Celaya
33%
Estado de México Chalco
33%
Campeche Champotón
33%
Estado de México Chicoloapan
33%
Guerrero Chilpancingo de los Bravo
33%
Nuevo León China
33%
Estado de México Coacalco de Berriozábal
33%
Colima Colima
33%
Nayarit Compostela
33%
Jalisco Concepción de Buenos Aires
33%
Sinaloa Concordia
33%
Durango Coneto de Comonfort
33%
Chihuahua Coronado
33%
Aguascalientes Cosío
33%
Chihuahua Coyame del Sotol
33%
Estado de México Cuautitlán
33%
Jalisco Cuautitlán de García Barragán
33%
Sinaloa Culiacán
33%
Chihuahua Delicias
33%
Nayarit Del Nayar
33%
Campeche Dzitbalché
33%
Nuevo León El Carmen
33%
Aguascalientes El Llano
33%
Estado de México El Oro
33%
Chiapas El Parral
33%
Jalisco El Salto
33%
Campeche Escárcega
33%
Coahuila Escobedo
33%
Nuevo León García
33%
Coahuila General Cepeda
33%
Nuevo León General Escobedo
33%
Chihuahua Guachochi
33%
Chihuahua Guadalupe y Calvo
33%
Guanajuato Guanajuato
33%
Chihuahua | Coahuila | Tamaulipas Guerrero
33%
Campeche Hecelchakán
33%
Chihuahua Hidalgo del Parral
33%
Campeche Hopelchén
33%
Hidalgo Huasca de Ocampo
33%
Estado de México Huehuetoca
33%
Chihuahua Huejotitán
33%
Guanajuato Irapuato
33%
Estado de México Isidro Fabela
33%
Nuevo León Iturbide
33%
Estado de México Ixtapaluca
33%
Estado de México Ixtlahuaca
33%
Michoacán Ixtlán
33%
Oaxaca Ixtlán de Juárez
33%
Nayarit Ixtlán del Río
33%
Nayarit Jala
33%
Estado de México Jaltenco
33%
Chihuahua Janos
33%
Aguascalientes | Jalisco Jesús María
33%
Chiapas La Concordia
33%
Coahuila Lamadrid
33%
Nayarit La Yesca
33%
Michoacán | Quintana Roo | Tlaxcala Lázaro Cárdenas
33%
Estado de México Lerma
33%
Estado de México Luvianos
33%
Chihuahua Madera
33%
Michoacán Madero
33%
Chihuahua Manuel Benavides
33%
Colima Manzanillo
33%
Zacatecas Mazapil
33%
Chiapas | Sonora Mazatán
33%
Sinaloa Mazatlán
33%
Oaxaca Mazatlán Villa de Flores
33%
Estado de México | Nuevo León | Zacatecas Melchor Ocampo
33%
Nuevo León Mina
33%
Hidalgo Mineral del Chico
33%
Hidalgo Mineral del Monte
33%
Estado de México Nicolás Romero
33%
Estado de México Nopaltepec
33%
Chihuahua Nuevo Casas Grandes
33%
Durango Nuevo Ideal
33%
Oaxaca Oaxaca de Juárez
33%
Chihuahua Ojinaga
33%
Quintana Roo Othón P. Blanco
33%
Aguascalientes Pabellón de Arteaga
33%
Campeche Palizada
33%
Veracruz | Zacatecas Pánuco
33%
Durango Pánuco de Coronado
33%
Estado de México Papalotla
33%
Tlaxcala Papalotla de Xicohténcatl
33%
Michoacán Pátzcuaro
33%
Coahuila Piedras Negras
33%
Chihuahua Praxedis G. Guerrero
33%
Quintana Roo Puerto Morelos
33%
Jalisco Puerto Vallarta
33%
Yucatán Quintana Roo
33%
Chiapas | Estado de México | San Luis Potosí | Sonora Rayón
33%
Tamaulipas Reynosa
33%
Aguascalientes Rincón de Romos
33%
Nayarit Rosamorada
33%
Sinaloa | Sonora Rosario
33%
Nayarit Ruíz
33%
San Luis Potosí Salinas
33%
Oaxaca San Andrés Ixtlahuaca
33%
Oaxaca San Cristóbal Amatlán
33%
Estado de México San Felipe del Progreso
33%
Chihuahua San Francisco de Conchos
33%
Chihuahua San Francisco del Oro
33%
Aguascalientes San Francisco de los Romo
33%
Sinaloa San Ignacio
33%
Jalisco San Ignacio Cerro Gordo
33%
Oaxaca San Ildefonso Amatlán
33%
Puebla San José Chiapa
33%
Aguascalientes San José de Gracia
33%
Puebla San Juan Atenco
33%
Oaxaca San Juan Mazatlán
33%
Chiapas | Michoacán San Lucas
33%
Oaxaca San Luis Amatlán
33%
Durango San Luis del Cordero
33%
Oaxaca San Marcos Arteaga
33%
Jalisco San Martín de Bolaños
33%
Estado de México San Martín de las Pirámides
33%
Estado de México San Mateo Atenco
33%
Oaxaca San Miguel Amatlán
33%
Guerrero San Miguel Totolapan
33%
Oaxaca San Miguel Tulancingo
33%
Durango San Pedro del Gallo
33%
Oaxaca San Pedro Ixtlahuaca
33%
Nayarit San Pedro Lagunillas
33%
Oaxaca San Sebastián Abasolo
33%
Oaxaca | Sonora Santa Ana
33%
Sonora Santa Cruz
33%
Oaxaca Santa Cruz de Bravo
33%
Guanajuato Santa Cruz de Juventino Rosas
33%
Guerrero Santa Cruz del Rincón
33%
Tlaxcala Santa Cruz Tlaxcala
33%
Oaxaca Santa María del Rosario
33%
Oaxaca Santa María Pápalo
33%
Nayarit Santiago Ixcuintla
33%
Oaxaca Santos Reyes Pápalo
33%
Jalisco Sayula
33%
Veracruz Sayula de Alemán
33%
Campeche Seybaplaya
33%
Zacatecas Sombrerete
33%
Guerrero Taxco de Alarcón
33%
Tabasco Teapa
33%
Nayarit Tecuala
33%
Chihuahua Temósachic
33%
Campeche Tenabo
33%
Aguascalientes Tepezalá
33%
Estado de México Tezoyuca
33%
Guerrero Tlapa de Comonfort
33%
Estado de México Tlatlaya
33%
Tamaulipas Tula
33%
Hidalgo Tula de Allende
33%
Hidalgo Tulancingo de Bravo
33%
Michoacán Uruapan
33%
Estado de México Valle de Bravo
33%
Estado de México Valle de Chalco Solidaridad
33%
Durango Vicente Guerrero
33%
Guanajuato | Tamaulipas Victoria
33%
Estado de México Villa del Carbón
33%
Estado de México Villa Victoria
33%
Nayarit Xalisco
33%
Puebla Xochitlán de Vicente Suárez
33%
Puebla Xochitlán Todos Santos
33%
Zacatecas Zacatecas
33%
Jalisco Zapopan
33%
Guerrero Zihuatanejo de Azueta
33%
Yucatán Abalá
17%
Oaxaca Abejones
17%
Chiapas Acacoyagua
17%
Chiapas Acala
17%
Guanajuato Acámbaro
17%
Yucatán Acanceh
17%
Chiapas Acapetahua
17%
Guerrero Acatepec
17%
Jalisco Acatic
17%
Hidalgo | Puebla | Veracruz Acatlán
17%
Hidalgo | Veracruz Actopan
17%
Michoacán Acuitzio
17%
Estado de México Aculco
17%
Hidalgo Agua Blanca de Iturbide
17%
Nuevo León Agualeguas
17%
Michoacán Aguililla
17%
Sinaloa Ahome
17%
Guerrero Ahuacuotzingo
17%
Jalisco Ahualulco de Mercado
17%
Hidalgo Ajacuba
17%
Guerrero Ajuchitlán del Progreso
17%
Yucatán Akil
17%
Guerrero Alcozauca de Guerrero
17%
Hidalgo Alfajayucan
17%
Hidalgo Almoloya
17%
Estado de México Almoloya de Alquisiras
17%
Estado de México Almoloya de Juárez
17%
Estado de México Almoloya del Río
17%
Guerrero Alpoyeca
17%
Tamaulipas Altamira
17%
Chiapas Altamirano
17%
Jalisco Amacueca
17%
Morelos Amacuzac
17%
Estado de México Amanalco
17%
Chiapas Amatán
17%
Chiapas Amatenango de la Frontera
17%
Chiapas Amatenango del Valle
17%
Estado de México Amatepec
17%
Jalisco Amatitán
17%
Veracruz Amatitlán
17%
Querétaro Amealco de Bonfil
17%
Michoacán Angamacutiro
17%
Michoacán Angangueo
17%
Chiapas Ángel Albino Corzo
17%
Sinaloa Angostura
17%
Hidalgo Apan
17%
Guanajuato Apaseo el Alto
17%
Guanajuato Apaseo el Grande
17%
Michoacán Apatzingán
17%
Estado de México Apaxco
17%
Guerrero Apaxtla de Castrejón
17%
Nuevo León Apodaca
17%
Michoacán Aporo
17%
Michoacán | Veracruz Aquila
17%
Nuevo León Aramberri
17%
Jalisco Arandas
17%
Guerrero Arcelia
17%
Michoacán Ario
17%
Colima Armería
17%
Chiapas Arriaga
17%
Querétaro Arroyo Seco
17%
Oaxaca Asunción Cacalotepec
17%
Oaxaca Asunción Cuyotepeji
17%
Oaxaca Asunción Ocotlán
17%
Guanajuato Atarjea
17%
Jalisco Atemajac de Brizuela
17%
Guerrero Atenango del Río
17%
Jalisco Atengo
17%
Jalisco Atenguillo
17%
Hidalgo Atitalaquia
17%
Estado de México Atizapán
17%
Estado de México Atizapán de Zaragoza
17%
Estado de México Atlacomulco
17%
Guerrero Atlamajalcingo del Monte
17%
Hidalgo Atlapexco
17%
Morelos Atlatlahucan
17%
Estado de México Atlautla
17%
Guerrero Atlixtac
17%
Hidalgo Atotonilco de Tula
17%
Jalisco Atotonilco el Alto
17%
Hidalgo Atotonilco el Grande
17%
Jalisco | Veracruz Atoyac
17%
Guerrero Atoyac de Álvarez
17%
Jalisco Autlán de Navarro
17%
Estado de México Axapusco
17%
Morelos Axochiapan
17%
San Luis Potosí Axtla de Terrazas
17%
Morelos Ayala
17%
Estado de México Ayapango
17%
Jalisco Ayotlán
17%
Jalisco Ayutla
17%
Guerrero Ayutla de los Libres
17%
Guerrero Azoyú
17%
Chihuahua Bachíniva
17%
Sinaloa Badiraguato
17%
Tabasco Balancán
17%
Chihuahua Balleza
17%
Sonora Banámichi
17%
Chihuahua Batopilas de Manuel Gómez Morín
17%
Chiapas Bejucal de Ocampo
17%
Chiapas Bella Vista
17%
Chiapas Benemérito de las Américas
17%
Chiapas Berriozábal
17%
Chiapas Bochil
17%
Chihuahua Bocoyna
17%
Yucatán Bokobá
17%
Jalisco Bolaños
17%
Michoacán Briseñas
17%
Michoacán Buenavista
17%
Guerrero Buenavista de Cuéllar
17%
Nuevo León | Tamaulipas Bustamante
17%
Jalisco Cabo Corrientes
17%
Sonora Caborca
17%
Chiapas Cacahoatán
17%
Sonora Cajeme
17%
Zacatecas Calera
17%
Estado de México Calimaya
17%
Hidalgo Calnali
17%
Jalisco Cañadas de Obregón
17%
Sonora Cananea
17%
Zacatecas Cañitas de Felipe Pescador
17%
Chiapas Capitán Luis Ángel Vidal
17%
Estado de México Capulhuac
17%
Michoacán Carácuaro
17%
Sonora Carbó
17%
San Luis Potosí | Tabasco Cárdenas
17%
Hidalgo Cardonal
17%
Chihuahua Carichí
17%
Jalisco Casimiro Castillo
17%
Veracruz Castillo de Teayo
17%
Chiapas Catazajá
17%
Yucatán Celestún
17%
Tabasco Centla
17%
Tabasco Centro
17%
Nuevo León Cerralvo
17%
Chiapas Chalchihuitán
17%
Zacatecas Chalchihuites
17%
Chiapas Chamula
17%
Chiapas Chanal
17%
Estado de México Chapa de Mota
17%
Jalisco Chapala
17%
Hidalgo Chapantongo
17%
Hidalgo Chapulhuacán
17%
Chiapas Chapultenango
17%
Estado de México Chapultepec
17%
Michoacán Charapan
17%
Michoacán Charo
17%
Michoacán Chavinda
17%
Chiapas Chenalhó
17%
Michoacán Cherán
17%
Chiapas Chiapa de Corzo
17%
Chiapas Chiapilla
17%
Estado de México | Puebla Chiautla
17%
Chiapas Chicoasén
17%
Chiapas Chicomuselo
17%
Yucatán Chicxulub Pueblo
17%
Puebla Chignahuapan
17%
Puebla Chila
17%
Guerrero Chilapa de Álvarez
17%
Michoacán Chilchota
17%
Hidalgo Chilcuautla
17%
Chiapas Chilón
17%
Jalisco Chimaltitán
17%
Michoacán Chinicuila
17%
Chihuahua Chínipas
17%
Jalisco Chiquilistlán
17%
Yucatán Chocholá
17%
Sinaloa Choix
17%
Michoacán Chucándiro
17%
Michoacán Churintzio
17%
Michoacán Churumuco
17%
Nuevo León Ciénega de Flores
17%
Jalisco Cihuatlán
17%
Chiapas Cintalapa de Figueroa
17%
Michoacán Coahuayana
17%
Guerrero Coahuayutla de José María Izazaga
17%
Michoacán Coalcomán de Vázquez Pallares
17%
Chiapas Coapilla
17%
Puebla | Veracruz Coatepec
17%
Estado de México Coatepec Harinas
17%
Morelos Coatetelco
17%
Morelos Coatlán del Río
17%
Guerrero Cochoapa el Grande
17%
Estado de México Cocotitlán
17%
Guerrero | Jalisco Cocula
17%
Michoacán Coeneo
17%
Michoacán Cojumatlán de Régules
17%
Querétaro Colón
17%
Jalisco Colotlán
17%
Colima Comala
17%
Tabasco Comalcalco
17%
Chiapas Comitán de Domínguez
17%
Guanajuato Comonfort
17%
Zacatecas Concepción del Oro
17%
Yucatán Conkal
17%
Michoacán Contepec
17%
Chiapas Copainalá
17%
Guerrero Copala
17%
Guerrero Copalillo
17%
Guerrero Copanatoyac
17%
Michoacán Copándaro
17%
Colima Coquimatlán
17%
Veracruz Córdoba
17%
Guanajuato Coroneo
17%
Querétaro Corregidora
17%
Guanajuato Cortazar
17%
Sinaloa Cosalá
17%
Michoacán Cotija
17%
Estado de México | Puebla Coyotepec
17%
Guerrero Coyuca de Benítez
17%
Guerrero Coyuca de Catalán
17%
Guerrero Cuajinicuilapa
17%
Guerrero Cualác
17%
Guerrero Cuautepec
17%
Hidalgo Cuautepec de Hinojosa
17%
Estado de México Cuautitlán Izcalli
17%
Jalisco | Morelos Cuautla
17%
Sonora Cucurpe
17%
Guanajuato Cuerámaro
17%
Guerrero Cuetzala del Progreso
17%
Oaxaca Cuilápam de Guerrero
17%
Michoacán Cuitzeo
17%
Sonora Cumpas
17%
Tabasco Cunduacán
17%
Jalisco Cuquío
17%
Chihuahua Cusihuiriachi
17%
Guerrero Cutzamala de Pinzón
17%
Jalisco Degollado
17%
Sonora Divisaderos
17%
Nuevo León Doctor Arroyo
17%
Nuevo León Doctor Coss
17%
Nuevo León Doctor González
17%
Guanajuato Doctor Mora
17%
Guanajuato Dolores Hidalgo Cuna de la Independencia Nacional
17%
Estado de México Donato Guerra
17%
Chihuahua Dr. Belisario Domínguez
17%
Estado de México Ecatzingo
17%
Michoacán Ecuandureo
17%
Guerrero Eduardo Neri
17%
Jalisco Ejutla
17%
Hidalgo | Jalisco El Arenal
17%
Chiapas El Bosque
17%
Sinaloa Eldorado
17%
Sinaloa El Fuerte
17%
Jalisco El Grullo
17%
Jalisco El Limón
17%
Querétaro El Marqués
17%
Sinaloa Elota
17%
Hidalgo | Puebla Eloxochitlán
17%
Oaxaca Eloxochitlán de Flores Magón
17%
Chiapas El Porvenir
17%
Zacatecas El Salvador
17%
Chihuahua El Tule
17%
Chiapas | Hidalgo | Morelos | +3 others Emiliano Zapata
17%
Sonora Empalme
17%
Jalisco Encarnación de Díaz
17%
Hidalgo Epazoyucan
17%
Michoacán Epitacio Huerta
17%
Michoacán Erongarícuaro
17%
Sinaloa Escuinapa
17%
Chiapas Escuintla
17%
Puebla Esperanza
17%
Sonora Etchojoa
17%
Jalisco Etzatlán
17%
Querétaro Ezequiel Montes
17%
Guerrero Florencio Villarreal
17%
Chiapas Francisco León
17%
Zacatecas Fresnillo
17%
Oaxaca Fresnillo de Trujano
17%
Chiapas Frontera Comalapa
17%
Chiapas Frontera Hidalgo
17%
Sonora Fronteras
17%
Michoacán Gabriel Zamora
17%
Chihuahua | Nuevo León Galeana
17%
Nuevo León General Bravo
17%
Guerrero General Canuto A. Neri
17%
Zacatecas General Enrique Estrada
17%
Zacatecas General Francisco R. Murguía
17%
Guerrero General Heliodoro Castillo
17%
Sonora General Plutarco Elías Calles
17%
Nuevo León General Terán
17%
Nuevo León General Treviño
17%
Nuevo León General Zaragoza
17%
Nuevo León General Zuazua
17%
Chihuahua | Jalisco | Tamaulipas Gómez Farías
17%
Sonora Granados
17%
Chihuahua Gran Morelos
17%
Jalisco Guachinango
17%
Oaxaca Guadalupe Etla
17%
Sinaloa Guasave
17%
Sonora Guaymas
17%
Chihuahua Guazapares
17%
Yucatán Halachó
17%
Oaxaca Heroica Ciudad de Ejutla de Crespo
17%
Oaxaca Heroica Ciudad de Juchitán de Zaragoza
17%
Nuevo León Higueras
17%
Chiapas Honduras de la Sierra
17%
Puebla Honey
17%
Jalisco Hostotipaquillo
17%
Sonora Huachinera
17%
Nuevo León Hualahuises
17%
Guerrero Huamuxtitlán
17%
Michoacán Huandacareo
17%
Guanajuato Huanímaro
17%
Michoacán Huaniqueo
17%
Sonora Huásabas
17%
Sonora Huatabampo
17%
Hidalgo Huautla
17%
Oaxaca Huautla de Jiménez
17%
Hidalgo Huazalingo
17%
Chiapas Huehuetán
17%
Hidalgo | Puebla Huehuetla
17%
Puebla Huehuetlán el Chico
17%
Puebla Huehuetlán el Grande
17%
Jalisco Huejúcar
17%
Jalisco Huejuquilla el Alto
17%
Hidalgo Huejutla de Reyes
17%
Sonora Huépac
17%
Michoacán Huetamo
17%
Morelos | Puebla Hueyapan
17%
Veracruz Hueyapan de Ocampo
17%
Estado de México Hueypoxtla
17%
Hidalgo Huichapan
17%
Tabasco Huimanguillo
17%
Querétaro Huimilpan
17%
Michoacán Huiramba
17%
Chiapas Huitiupán
17%
Morelos Huitzilac
17%
Guerrero Huitzuco de los Figueroa
17%
Chiapas Huixtán
17%
Chiapas Huixtla
17%
Yucatán Hunucmá
17%
Chihuahua Ignacio Zaragoza
17%
Guerrero Iguala de la Independencia
17%
Guerrero Igualapa
17%
Guerrero Iliatenco
17%
Sonora Imuris
17%
Michoacán Indaparapeo
17%
Michoacán Irimbo
17%
Guerrero Ixcateopan de Cuauhtémoc
17%
Chiapas Ixhuatán
17%
Yucatán Ixil
17%
Hidalgo Ixmiquilpan
17%
Chiapas Ixtacomitán
17%
Chiapas Ixtapangajoya
17%
Colima Ixtlahuacán
17%
Jalisco Ixtlahuacán de los Membrillos
17%
Jalisco Ixtlahuacán del Río
17%
Hidalgo Jacala de Ledezma
17%
Michoacán Jacona
17%
Tabasco Jalapa
17%
Jalisco Jalostotitlán
17%
Zacatecas Jalpa
17%
Tabasco Jalpa de Méndez
17%
Puebla Jalpan
17%
Querétaro Jalpan de Serra
17%
Hidalgo Jaltocán
17%
Jalisco Jamay
17%
Morelos Jantetelco
17%
Guanajuato Jaral del Progreso
17%
Guanajuato Jerécuaro
17%
Zacatecas Jerez
17%
Estado de México | Veracruz Jilotepec
17%
Jalisco Jilotlán de los Dolores
17%
Estado de México Jilotzingo
17%
Zacatecas Jiménez del Teul
17%
Michoacán Jiquilpan
17%
Chiapas Jiquipilas
17%
Estado de México Jiquipilco
17%
Chiapas Jitotol
17%
Morelos Jiutepec
17%
Jalisco Jocotepec
17%
Estado de México Jocotitlán
17%
Morelos Jojutla
17%
Morelos Jonacatepec de Leandro Valle
17%
Tabasco Jonuta
17%
Estado de México Joquicingo
17%
Guerrero José Joaquín de Herrera
17%
Michoacán José Sixto Verduzco
17%
Jalisco Juanacatlán
17%
Zacatecas Juan Aldama
17%
Guerrero Juan R. Escudero
17%
Hidalgo Juárez Hidalgo
17%
Guerrero Juchitán
17%
Estado de México Juchitepec
17%
Jalisco Juchitlán
17%
Chihuahua Julimes
17%
Michoacán Jungapeo
17%
Yucatán Kanasín
17%
Yucatán Kinchil
17%
Yucatán Kopomá
17%
Jalisco La Barca
17%
Sonora La Colorada
17%
Chihuahua La Cruz
17%
Jalisco Lagos de Moreno
17%
Chiapas La Grandeza
17%
Michoacán | San Luis Potosí Lagunillas
17%
Michoacán La Huacana
17%
Jalisco La Huerta
17%
Chiapas La Independencia
17%
Chiapas La Libertad
17%
Jalisco La Manzanilla de la Paz
17%
Hidalgo La Misión
17%
Nuevo León Lampazos de Naranjo
17%
Querétaro Landa de Matamoros
17%
Michoacán La Piedad
17%
Chiapas Larráinzar
17%
Chiapas Las Margaritas
17%
Chiapas Las Rosas
17%
Guerrero Las Vigas
17%
Veracruz Las Vigas de Ramírez
17%
Chiapas La Trinitaria
17%
Guerrero Leonardo Bravo
17%
Nuevo León Linares
17%
Hidalgo Lolotla
17%
Chihuahua López
17%
Nuevo León Los Aldamas
17%
Nuevo León Los Herreras
17%
Nuevo León Los Ramones
17%
Michoacán | Veracruz Los Reyes
17%
Tabasco Macuspana
17%
Oaxaca Magdalena Ocotlán
17%
Oaxaca Magdalena Peñasco
17%
Oaxaca Magdalena Tequisistlán
17%
Chihuahua Maguarichi
17%
Estado de México Malinalco
17%
Guerrero Malinaltepec
17%
Guanajuato Manuel Doblado
17%
Chiapas Mapastepec
17%
Michoacán Maravatío
17%
Chiapas Maravilla Tenejapa
17%
Michoacán Marcos Castellanos
17%
Nuevo León Marín
17%
Guerrero Marquelia
17%
Chiapas Marqués de Comillas
17%
Guerrero Mártir de Cuilapan
17%
Jalisco Mascota
17%
Chihuahua Matachí
17%
Yucatán Maxcanú
17%
Jalisco Mazamitla
17%
Chiapas Mazapa de Madero
17%
Morelos Mazatepec
17%
Chihuahua Meoqui
17%
Chiapas Metapa
17%
Estado de México | Hidalgo Metepec
17%
Guerrero Metlatónoc
17%
Hidalgo Metztitlán
17%
Estado de México Mexicaltzingo
17%
Jalisco Mexticacán
17%
Chiapas Mezcalapa
17%
Jalisco Mezquitic
17%
Morelos Miacatlán
17%
Tamaulipas Mier
17%
Nuevo León Mier y Noriega
17%
Zacatecas Miguel Auza
17%
Colima | Veracruz Minatitlán
17%
Hidalgo Mineral de la Reforma
17%
Chiapas Mitontic
17%
Hidalgo Mixquiahuala de Juárez
17%
Puebla Mixtla
17%
Veracruz Mixtla de Altamirano
17%
Jalisco Mixtlán
17%
Guerrero Mochitlán
17%
Sinaloa Mocorito
17%
San Luis Potosí | Sonora Moctezuma
17%
Hidalgo Molango de Escamilla
17%
Chiapas Montecristo de Guerrero
17%
Zacatecas Monte Escobedo
17%
Nuevo León Montemorelos
17%
Chihuahua Moris
17%
Guanajuato Moroleón
17%
Chiapas Motozintla
17%
Michoacán Múgica
17%
Tabasco Nacajuca
17%
Sonora Naco
17%
Sonora Nácori Chico
17%
Sonora Nacozari de García
17%
Michoacán Nahuatzen
17%
Chihuahua Namiquipa
17%
Sonora Navojoa
17%
Sinaloa Navolato
17%
Oaxaca Nejapa de Madero
17%
Estado de México Nextlalpan
17%
Hidalgo Nicolás Flores
17%
Chiapas Nicolás Ruíz
17%
Michoacán Nocupétaro
17%
Sonora | Veracruz Nogales
17%
Chihuahua Nonoava
17%
Hidalgo Nopala de Villagrán
17%
Michoacán Nuevo Parangaricutiro
17%
Michoacán Nuevo Urecho
17%
Michoacán Numarán
17%
Guerrero Ñuu Savi
17%
Chiapas Ocosingo
17%
Chiapas | Puebla Ocotepec
17%
Jalisco Ocotlán
17%
Oaxaca Ocotlán de Morelos
17%
Estado de México Ocoyoacac
17%
Chiapas Ocozocoautla de Espinosa
17%
Estado de México Ocuilan
17%
Morelos Ocuituco
17%
Jalisco Ojuelos de Jalisco
17%
Guerrero Olinalá
17%
Guerrero Ometepec
17%
Hidalgo Omitlán de Juárez
17%
Sonora Ónavas
17%
Yucatán Opichén
17%
Sonora Opodepe
17%
Sonora Oquitoa
17%
Chiapas Ostuacán
17%
Chiapas Osumacinta
17%
Estado de México Otumba
17%
Estado de México Otzoloapan
17%
Estado de México Otzolotepec
17%
Chiapas Oxchuc
17%
Estado de México Ozumba
17%
Hidalgo Pacula
17%
Michoacán Pajacuarán
17%
Chiapas Palenque
17%
Michoacán Panindícuaro
17%
Chiapas Pantelhó
17%
Chiapas | Puebla Pantepec
17%
Michoacán Paracho
17%
Michoacán Parácuaro
17%
Tabasco Paraíso
17%
Nuevo León Parás
17%
Guerrero Pedro Ascencio Alquisiras
17%
Querétaro Pedro Escobedo
17%
Querétaro Peñamiller
17%
Michoacán Penjamillo
17%
Guanajuato Pénjamo
17%
Michoacán Peribán
17%
Nuevo León Pesquería
17%
Guerrero Petatlán
17%
Chiapas Pichucalco
17%
Jalisco Pihuamo
17%
Chiapas Pijijiapan
17%
Guerrero Pilcaya
17%
Querétaro Pinal de Amoles
17%
Zacatecas Pinos
17%
Hidalgo Pisaflores
17%
Sonora Pitiquito
17%
Estado de México Polotitlán
17%
Jalisco Poncitlán
17%
Morelos Puente de Ixtla
17%
Sonora Puerto Peñasco
17%
Guerrero Pungarabato
17%
Michoacán Purépero
17%
Guanajuato Purísima del Rincón
17%
Michoacán Puruándiro
17%
Guerrero Quechultenango
17%
Michoacán Queréndaro
17%
Sonora Quiriego
17%
Michoacán Quiroga
17%
Jalisco Quitupan
17%
Nuevo León Rayones
17%
Chiapas Reforma
17%
Chiapas Rincón Chamula San Pedro
17%
Zacatecas Río Grande
17%
Chihuahua Riva Palacio
17%
Guanajuato Romita
17%
Chihuahua Rosales
17%
Chiapas Sabanilla
17%
Nuevo León Sabinas Hidalgo
17%
Sonora Sahuaripa
17%
Michoacán Sahuayo
17%
Zacatecas Sain Alto
17%
Guanajuato Salamanca
17%
Nuevo León Salinas Victoria
17%
Chiapas Salto de Agua
17%
Sinaloa Salvador Alvarado
17%
Michoacán Salvador Escalante
17%
Guanajuato Salvatierra
17%
Yucatán Samahil
17%
Oaxaca San Agustín Atenango
17%
Oaxaca San Agustín Etla
17%
Hidalgo San Agustín Metzquititlán
17%
Hidalgo San Agustín Tlaxiaca
17%
Puebla San Andrés Cholula
17%
Chiapas San Andrés Duraznal
17%
Oaxaca San Andrés Zautla
17%
Oaxaca San Antonino el Alto
17%
San Luis Potosí San Antonio
17%
Puebla San Antonio Cañada
17%
Estado de México San Antonio la Isla
17%
Oaxaca San Bartolo Coyotepec
17%
Hidalgo San Bartolo Tutotepec
17%
Oaxaca San Bartolo Yautepec
17%
Oaxaca San Carlos Yautepec
17%
Jalisco San Diego de Alejandría
17%
Guanajuato San Diego de la Unión
17%
Oaxaca San Dionisio Ocotepec
17%
Oaxaca San Dionisio Ocotlán
17%
Sonora San Felipe de Jesús
17%
Oaxaca San Felipe Jalapa de Díaz
17%
Hidalgo San Felipe Orizatlán
17%
Chiapas | Tamaulipas San Fernando
17%
Chihuahua San Francisco de Borja
17%
Oaxaca San Francisco Huehuetlán
17%
Oaxaca San Francisco Ixhuatán
17%
Oaxaca San Francisco Teopan
17%
Jalisco San Gabriel
17%
Sonora San Ignacio Río Muerto
17%
Sonora San Javier
17%
Oaxaca San Jerónimo Coatlán
17%
Tlaxcala San Jerónimo Zacualpan
17%
Querétaro San Joaquín
17%
Guanajuato San José de Iturbide
17%
Oaxaca San José del Peñasco
17%
Estado de México San José del Rincón
17%
Oaxaca San José Independencia
17%
Oaxaca San José Tenango
17%
Chiapas San Juan Cancuc
17%
Oaxaca San Juan Colorado
17%
Jalisco San Juan de los Lagos
17%
Oaxaca San Juan Evangelista Analco
17%
Jalisco San Juanito de Escobedo
17%
Jalisco San Julián
17%
Guanajuato San Luis de la Paz
17%
San Luis Potosí San Luis Potosí
17%
Sonora San Luis Río Colorado
17%
Guerrero | Jalisco San Marcos
17%
Jalisco San Martín Hidalgo
17%
Oaxaca San Martín Zacatepec
17%
Oaxaca San Mateo Peñasco
17%
Oaxaca San Miguel Amatitlán
17%
Oaxaca San Miguel Coatlán
17%
Guanajuato San Miguel de Allende
17%
Sonora San Miguel de Horcasitas
17%
Oaxaca San Miguel Ejutla
17%
Jalisco San Miguel el Alto
17%
Oaxaca San Miguel el Grande
17%
Oaxaca San Miguel Huautla
17%
Oaxaca San Miguel Tenango
17%
Guerrero | Oaxaca | Tamaulipas San Nicolás
17%
Puebla San Nicolás Buenos Aires
17%
Nuevo León San Nicolás de los Garza
17%
Oaxaca San Pablo Etla
17%
Oaxaca San Pablo Villa de Mitla
17%
Oaxaca San Pedro Atoyac
17%
Puebla San Pedro Cholula
17%
Sonora San Pedro de la Cueva
17%
Oaxaca San Pedro el Alto
17%
Oaxaca San Pedro Mártir
17%
Oaxaca San Pedro Nopala
17%
Oaxaca San Pedro Ocotepec
17%
Jalisco San Pedro Tlaquepaque
17%
Oaxaca San Pedro y San Pablo Ayutla
17%
Oaxaca San Raymundo Jalpan
17%
Hidalgo San Salvador
17%
Oaxaca San Sebastián Coatlán
17%
Jalisco San Sebastián del Oeste
17%
Estado de México San Simón de Guerrero
17%
Oaxaca Santa Ana del Valle
17%
Michoacán Santa Ana Maya
17%
Chihuahua Santa Bárbara
17%
Oaxaca Santa Catalina Quierí
17%
Guanajuato | Nuevo León | San Luis Potosí Santa Catarina
17%
Oaxaca Santa Cruz Acatepec
17%
Chihuahua Santa Isabel
17%
Puebla Santa Isabel Cholula
17%
Oaxaca Santa Lucía Ocotlán
17%
Oaxaca Santa María Alotepec
17%
Oaxaca Santa María Coyotepec
17%
Jalisco Santa María de los Ángeles
17%
Oaxaca Santa María del Tule
17%
Oaxaca Santa María Huatulco
17%
Oaxaca Santa María Jalapa del Marqués
17%
Oaxaca Santa María Zacatepec
17%
Oaxaca Santiago Atitlán
17%
Hidalgo Santiago de Anaya
17%
Chiapas Santiago el Pinar
17%
Oaxaca Santiago Jocotepec
17%
Guanajuato Santiago Maravatío
17%
Oaxaca Santiago Tenango
17%
Hidalgo Santiago Tulantepec de Lugo Guerrero
17%
Oaxaca Santiago Zacatepec
17%
Oaxaca Santo Domingo Chihuitán
17%
Oaxaca Santo Domingo Tonalá
17%
Oaxaca Santos Reyes Nopala
17%
Estado de México Santo Tomás
17%
Oaxaca Santo Tomás Ocotepec
17%
Oaxaca San Vicente Coatlán
17%
Sonora Sáric
17%
Chihuahua Satevó
17%
Chihuahua Saucillo
17%
Michoacán Senguio
17%
Guanajuato Silao de la Victoria
17%
Chiapas Siltepec
17%
Chiapas Simojovel
17%
Sinaloa Sinaloa
17%
Hidalgo Singuilucan
17%
Chiapas Sitalá
17%
Chiapas Socoltenango
17%
Oaxaca Soledad Etla
17%
Chiapas Solosuchiapa
17%
Chiapas Soyaló
17%
Estado de México Soyaniquilpan de Juárez
17%
Sonora Soyopa
17%
Sonora Suaqui Grande
17%
Chiapas Suchiapa
17%
Chiapas Suchiate
17%
Estado de México Sultepec
17%
Chiapas Sunuapa
17%
Zacatecas Susticacán
17%
Michoacán Susupuato
17%
Michoacán Tacámbaro
17%
Tabasco Tacotalpa
17%
Jalisco Tala
17%
Michoacán Tancítaro
17%
Michoacán Tangamandapio
17%
Michoacán Tangancícuaro
17%
Michoacán Tanhuato
17%
Chiapas Tapachula
17%
Chiapas Tapalapa
17%
Jalisco Tapalpa
17%
Chiapas Tapilula
17%
Guanajuato Tarandacuao
17%
Michoacán Taretan
17%
Michoacán Tarímbaro
17%
Guanajuato Tarimoro
17%
Hidalgo Tasquillo
17%
Puebla Tecali de Herrera
17%
Jalisco Tecalitlán
17%
Puebla Tecamachalco
17%
Jalisco Techaluta de Montenegro
17%
Guerrero Tecoanapa
17%
Jalisco Tecolotlán
17%
Colima Tecomán
17%
Hidalgo Tecozautla
17%
Guerrero Técpan de Galeana
17%
Chiapas Tecpatán
17%
Estado de México Tejupilco
17%
Guerrero Teloloapan
17%
Estado de México Temamatla
17%
Estado de México Temascalapa
17%
Estado de México Temascalcingo
17%
Estado de México Temascaltepec
17%
Morelos Temixco
17%
Morelos Temoac
17%
Estado de México Temoaya
17%
Jalisco Tenamaxtlán
17%
Estado de México | Tlaxcala Tenancingo
17%
Hidalgo Tenango de Doria
17%
Estado de México Tenango del Aire
17%
Estado de México Tenango del Valle
17%
Chiapas Tenejapa
17%
Tabasco Tenosique
17%
Jalisco Teocaltiche
17%
Jalisco Teocuitatlán de Corona
17%
Estado de México Teoloyucan
17%
Chiapas Teopisca
17%
Sonora Tepache
17%
Michoacán Tepalcatepec
17%
Morelos Tepalcingo
17%
Puebla Tepango de Rodríguez
17%
Jalisco Tepatitlán de Morelos
17%
Hidalgo Tepeapulco
17%
Guerrero Tepecoacuilco de Trujano
17%
Hidalgo Tepehuacán de Guerrero
17%
Hidalgo Tepeji del Río de Ocampo
17%
Tlaxcala Tepetitla de Lardizábal
17%
Hidalgo Tepetitlán
17%
Estado de México Tepetlaoxtoc
17%
Estado de México Tepetlixpa
17%
Zacatecas Tepetongo
17%
Estado de México Tepotzotlán
17%
Morelos Tepoztlán
17%
Querétaro Tequisquiapan
17%
Estado de México Tequixquiac
17%
Morelos Tetecala
17%
Morelos Tetela del Volcán
17%
Puebla Tetela de Ocampo
17%
Hidalgo Tetepango
17%
Guerrero Tetipac
17%
Yucatán Tetiz
17%
Jalisco Teuchitlán
17%
Zacatecas Teúl de González Ortega
17%
Estado de México Texcaltitlán
17%
Estado de México Texcalyacac
17%
Hidalgo Tezontepec de Aldama
17%
Estado de México Tianguistenco
17%
Hidalgo Tianguistengo
17%
Guanajuato | Veracruz Tierra Blanca
17%
Chiapas Tila
17%
Estado de México Timilpan
17%
Michoacán Tingambato
17%
Michoacán Tingüindín
17%
Michoacán Tiquicheo de Nicolás Romero
17%
Guerrero Tixtla de Guerrero
17%
Jalisco Tizapán el Alto
17%
Hidalgo Tizayuca
17%
Guerrero Tlacoachistlahuaca
17%
Guerrero Tlacoapa
17%
Hidalgo Tlahuelilpan
17%
Hidalgo Tlahuiltepa
17%
Jalisco Tlajomulco de Zúñiga
17%
Guerrero Tlalchapa
17%
Guerrero Tlalixtaquilla de Maldonado
17%
Estado de México Tlalmanalco
17%
Michoacán Tlalpujahua
17%
Morelos Tlaltizapán de Zapata
17%
Hidalgo Tlanalapa
17%
Hidalgo Tlanchinol
17%
Guerrero Tlapehuala
17%
Morelos Tlaquiltenango
17%
Tlaxcala Tlaxcala
17%
Puebla | Tlaxcala Tlaxco
17%
Hidalgo Tlaxcoapan
17%
Morelos Tlayacapan
17%
Michoacán Tlazazalca
17%
Michoacán Tocumbo
17%
Hidalgo Tolcayuca
17%
Jalisco | Querétaro Tolimán
17%
Jalisco | Veracruz Tomatlán
17%
Chiapas | Jalisco Tonalá
17%
Estado de México Tonanitla
17%
Estado de México Tonatico
17%
Jalisco Tonaya
17%
Jalisco Tonila
17%
Jalisco Totatiche
17%
Chiapas Totolapa
17%
Morelos Totolapan
17%
Jalisco Tototlán
17%
Sonora Trincheras
17%
Sonora Tubutama
17%
Estado de México Tultepec
17%
Chiapas Tumbalá
17%
Michoacán Tumbiscatío
17%
Michoacán Turicato
17%
Jalisco Tuxcacuesco
17%
Jalisco Tuxcueca
17%
Chiapas Tuxtla Chico
17%
Chiapas Tuxtla Gutiérrez
17%
Chiapas Tuzantán
17%
Michoacán Tuzantla
17%
Chiapas Tzimol
17%
Michoacán Tzintzuntzan
17%
Michoacán Tzitzio
17%
Yucatán Ucú
17%
Yucatán Umán
17%
Jalisco Unión de San Antonio
17%
Jalisco Unión de Tula
17%
Chiapas Unión Juárez
17%
Sonora Ures
17%
Guanajuato Uriangato
17%
Chihuahua Urique
17%
Chihuahua Uruachi
17%
Nuevo León Vallecillo
17%
Jalisco Valle de Guadalupe
17%
Jalisco Valle de Juárez
17%
Chihuahua Valle del Rosario
17%
Guanajuato Valle de Santiago
17%
Chihuahua Valle de Zaragoza
17%
Zacatecas Valparaíso
17%
Veracruz Veracruz
17%
Zacatecas Vetagrande
17%
Chiapas Villa Comaltitlán
17%
Jalisco Villa Corona
17%
Chiapas Villa Corzo
17%
Estado de México Villa de Allende
17%
Colima Villa de Álvarez
17%
Oaxaca Villa de Chilapa de Díaz
17%
Zacatecas Villa de Cos
17%
Oaxaca Villa de Etla
17%
San Luis Potosí Villa de Ramos
17%
Hidalgo Villa de Tezontepec
17%
Chiapas Villaflores
17%
Zacatecas Villa García
17%
Guanajuato | Tamaulipas Villagrán
17%
Estado de México | Jalisco Villa Guerrero
17%
Nuevo León Villaldama
17%
Michoacán Villamar
17%
Zacatecas Villanueva
17%
Sonora Villa Pesqueira
17%
Jalisco Villa Purificación
17%
Michoacán Vista Hermosa
17%
Veracruz Xalapa
17%
Estado de México Xalatlaco
17%
Guerrero Xalpatláhuac
17%
Guanajuato Xichú
17%
Veracruz Xico
17%
Hidalgo Xochiatipan
17%
Hidalgo Xochicoatlán
17%
Guerrero Xochihuehuetlán
17%
Guerrero Xochistlahuaca
17%
Morelos Xochitepec
17%
Estado de México Xonacatlán
17%
Morelos | Veracruz Xoxocotla
17%
Hidalgo Yahualica
17%
Jalisco Yahualica de González Gallo
17%
Chiapas Yajalón
17%
Morelos Yautepec
17%
Morelos Yecapixtla
17%
Sonora Yécora
17%
Michoacán Yurécuaro
17%
Guanajuato Yuriria
17%
Michoacán Zacapu
17%
Morelos Zacatepec
17%
Puebla Zacatlán
17%
Estado de México Zacazonapan
17%
Jalisco Zacoalco de Torres
17%
Estado de México | Veracruz Zacualpan
17%
Morelos Zacualpan de Amilpas
17%
Hidalgo Zacualtipán de Ángeles
17%
Michoacán Zamora
17%
Jalisco Zapotiltic
17%
Puebla Zapotitlán
17%
Puebla Zapotitlán de Méndez
17%
Jalisco Zapotitlán de Vadillo
17%
Oaxaca Zapotitlán Lagunas
17%
Oaxaca Zapotitlán Palmas
17%
Guerrero Zapotitlán Tablas
17%
Hidalgo Zapotlán de Juárez
17%
Jalisco Zapotlán del Rey
17%
Jalisco Zapotlanejo
17%
Jalisco Zapotlán el Grande
17%
Hidalgo Zempoala
17%
Hidalgo Zimapán
17%
Chiapas Zinacantán
17%
Estado de México Zinacantepec
17%
Michoacán Zináparo
17%
Michoacán Zinapécuaro
17%
Michoacán Ziracuaretiro
17%
Guerrero Zirándaro
17%
Michoacán Zitácuaro
17%
Guerrero Zitlala
17%
Estado de México Zumpahuacán
17%
Estado de México Zumpango
17%
Puebla | Veracruz Acajete
0%
Puebla Acateno
0%
Puebla Acatzingo
0%
Veracruz Acayucan
0%
Puebla Acteopan
0%
Tlaxcala Acuamanala de Miguel Hidalgo
0%
Veracruz Acula
0%
Veracruz Acultzingo
0%
Veracruz Agua Dulce
0%
San Luis Potosí Ahualulco del Sonido 13
0%
Puebla Ahuatlán
0%
Puebla Ahuazotepec
0%
Puebla Ahuehuetitla
0%
Puebla Ajalpan
0%
Veracruz Álamo Temapache
0%
San Luis Potosí Alaquines
0%
Puebla Albino Zertuche
0%
Puebla Aljojuca
0%
Veracruz Alpatláhuac
0%
Puebla Altepexi
0%
Veracruz Alto Lucero de Gutiérrez Barrios
0%
Veracruz Altotonga
0%
Veracruz Alvarado
0%
Tlaxcala Amaxac de Guerrero
0%
Puebla Amixtlán
0%
Puebla Amozoc
0%
Veracruz Angel R. Cabada
0%
Oaxaca Ánimas Trujano
0%
Tamaulipas Antiguo Morelos
0%
Veracruz Apazapan
0%
Tlaxcala Apetatitlán de Antonio Carvajal
0%
Tlaxcala Apizaco
0%
Zacatecas Apozol
0%
Zacatecas Apulco
0%
San Luis Potosí Aquismón
0%
Puebla Aquixtla
0%
San Luis Potosí Armadillo de los Infante
0%
Veracruz Astacinga
0%
Oaxaca Asunción Ixtaltepec
0%
Oaxaca Asunción Nochixtlán
0%
Oaxaca Asunción Tlacolulita
0%
Puebla Atempan
0%
Puebla Atexcal
0%
Veracruz Atlahuilco
0%
Tlaxcala Atlangatepec
0%
Puebla Atlequizayan
0%
Puebla Atlixco
0%
Tlaxcala Atltzayanca
0%
Zacatecas Atolinga
0%
Puebla Atoyatempan
0%
Veracruz Atzacan
0%
Puebla Atzala
0%
Veracruz Atzalan
0%
Puebla Atzitzihuacán
0%
Puebla Atzitzintla
0%
Puebla Axutla
0%
Veracruz Ayahualulco
0%
Oaxaca Ayoquezco de Aldama
0%
Puebla Ayotoxco de Guerrero
0%
Oaxaca Ayotzintepec
0%
Veracruz Banderilla
0%
Veracruz Boca del Río
0%
Yucatán Buctzotz
0%
Tamaulipas Burgos
0%
Yucatán Cacalchén
0%
Veracruz Calcahualco
0%
Oaxaca Calihualá
0%
Yucatán Calotmul
0%
Puebla Calpan
0%
Tlaxcala Calpulalpan
0%
Puebla Caltepec
0%
Veracruz Camarón de Tejeda
0%
Veracruz Camerino Z. Mendoza
0%
Puebla Camocuautla
0%
Puebla Cañada Morelos
0%
Oaxaca Candelaria Loxicha
0%
Yucatán Cansahcab
0%
Yucatán Cantamayec
0%
Oaxaca Capulálpam de Méndez
0%
Veracruz Carlos A. Carrillo
0%
Veracruz Carrillo Puerto
0%
Veracruz Catemaco
0%
San Luis Potosí Catorce
0%
Puebla Caxhuacan
0%
Veracruz Cazones de Herrera
0%
San Luis Potosí Cedral
0%
Yucatán Cenotillo
0%
San Luis Potosí Cerritos
0%
Veracruz Cerro Azul
0%
San Luis Potosí Cerro de San Pedro
0%
Veracruz Chacaltianguis
0%
Yucatán Chacsinkín
0%
Oaxaca Chahuites
0%
Oaxaca Chalcatongo de Hidalgo
0%
Puebla Chalchicomula de Sesma
0%
Veracruz Chalma
0%
Yucatán Chankom
0%
Yucatán Chapab
0%
Puebla Chapulco
0%
San Luis Potosí Charcas
0%
Yucatán Chemax
0%
Tlaxcala Chiautempan
0%
Puebla Chiautzingo
0%
Yucatán Chichimilá
0%
Puebla Chichiquila
0%
Veracruz Chiconamel
0%
Puebla Chiconcuautla
0%
Veracruz Chiconquiaco
0%
Veracruz Chicontepec
0%
Puebla Chietla
0%
Puebla Chigmecatitlán
0%
Puebla Chignautla
0%
Yucatán Chikindzonot
0%
Puebla Chila de la Sal
0%
Puebla Chilchotla
0%
Veracruz Chinameca
0%
Veracruz Chinampa de Gorostiza
0%
Puebla Chinantla
0%
Oaxaca Chiquihuitlán de Benito Juárez
0%
Veracruz Chocamán
0%
Veracruz Chontla
0%
Veracruz Chumatlán
0%
Yucatán Chumayel
0%
Oaxaca Ciénega de Zimatlán
0%
Veracruz Citlaltépetl
0%
San Luis Potosí Ciudad del Maíz
0%
San Luis Potosí Ciudad Fernández
0%
Oaxaca Ciudad Ixtepec
0%
Tamaulipas Ciudad Madero
0%
San Luis Potosí Ciudad Valles
0%
Veracruz Coacoatzintla
0%
Veracruz Coahuitlán
0%
Oaxaca Coatecas Altas
0%
Veracruz Coatzacoalcos
0%
Puebla Coatzingo
0%
Veracruz Coatzintla
0%
Veracruz Coetzala
0%
Puebla Cohetzala
0%
Puebla Cohuecan
0%
Oaxaca Coicoyán de las Flores
0%
Veracruz Colipa
0%
Veracruz Comapa
0%
Oaxaca Concepción Buenavista
0%
Oaxaca Concepción Pápalo
0%
Oaxaca Constancia del Rosario
0%
Tlaxcala Contla de Juan Cuamatzi
0%
Puebla Coronango
0%
Veracruz Cosamaloapan de Carpio
0%
Veracruz Cosautlán de Carvajal
0%
Veracruz Coscomatepec
0%
Oaxaca Cosolapa
0%
Veracruz Cosoleacaque
0%
Oaxaca Cosoltepec
0%
Veracruz Cotaxtla
0%
Puebla | San Luis Potosí Coxcatlán
0%
Veracruz Coxquihui
0%
Puebla Coyomeapan
0%
Veracruz Coyutla
0%
Tamaulipas Cruillas
0%
Tlaxcala Cuapiaxtla
0%
Puebla Cuapiaxtla de Madero
0%
Puebla Cuautempan
0%
Puebla Cuautinchán
0%
Puebla Cuautlancingo
0%
Tlaxcala Cuaxomulco
0%
Puebla Cuayuca de Andrade
0%
Puebla Cuetzalan del Progreso
0%
Veracruz Cuichapa
0%
Veracruz Cuitláhuac
0%
Yucatán Cuncunul
0%
Oaxaca Cuyamecalco Villa de Zaragoza
0%
Puebla Cuyoaco
0%
Yucatán Cuzamá
0%
Puebla Domingo Arenas
0%
Yucatán Dzan
0%
Yucatán Dzemul
0%
Yucatán Dzidzantún
0%
Yucatán Dzilam de Bravo
0%
Yucatán Dzilam González
0%
Yucatán Dzitás
0%
Yucatán Dzoncauich
0%
San Luis Potosí Ebano
0%
Oaxaca El Barrio de la Soledad
0%
Tlaxcala El Carmen Tequexquitla
0%
Oaxaca El Espinal
0%
Veracruz El Higo
0%
Tamaulipas El Mante
0%
San Luis Potosí El Naranjo
0%
Zacatecas El Plateado de Joaquín Amaro
0%
Puebla Epatlán
0%
Tlaxcala Españita
0%
Veracruz Espinal
0%
Yucatán Espita
0%
Veracruz Filomeno Mata
0%
Veracruz Fortín
0%
Puebla Francisco Z. Mena
0%
Zacatecas Genaro Codina
0%
Puebla General Felipe Ángeles
0%
Zacatecas General Pánfilo Natera
0%
Tamaulipas González
0%
San Luis Potosí Guadalcázar
0%
Oaxaca Guelatao de Juárez
0%
Tamaulipas Güémez
0%
Oaxaca Guevea de Humboldt
0%
Tamaulipas Gustavo Díaz Ordaz
0%
Veracruz Gutiérrez Zamora
0%
Puebla Hermenegildo Galeana
0%
Oaxaca Heroica Ciudad de Huajuapan de León
0%
Oaxaca Heroica Ciudad de Tlaxiaco
0%
Oaxaca Heroica Villa de San Blas Atempa
0%
Oaxaca Heroica Villa Tezoatlán de Segura y Luna, Cuna de la Independencia de Oaxaca
0%
Oaxaca Heroico San Martín de los Cansecos
0%
Veracruz Hidalgotitlán
0%
Yucatán Hocabá
0%
Yucatán Hoctún
0%
Yucatán Homún
0%
Tlaxcala Huamantla
0%
Zacatecas Huanusco
0%
Puebla Huaquechula
0%
Puebla Huatlatlauca
0%
Veracruz Huatusco
0%
Puebla Huauchinango
0%
Oaxaca Huautepec
0%
Veracruz Huayacocotla
0%
San Luis Potosí Huehuetlán
0%
Puebla Huejotzingo
0%
Tlaxcala Hueyotlipan
0%
Puebla Hueytamalco
0%
Puebla Hueytlalpan
0%
Yucatán Huhí
0%
Veracruz Huiloapan de Cuauhtémoc
0%
Puebla Huitzilan de Serdán
0%
Puebla Huitziltepec
0%
Veracruz Ignacio de la Llave
0%
Veracruz Ilamatlán
0%
Puebla Ixcamilpa de Guerrero
0%
Puebla Ixcaquixtla
0%
Veracruz Ixcatepec
0%
Veracruz Ixhuacán de los Reyes
0%
Veracruz Ixhuatlancillo
0%
Veracruz Ixhuatlán del Café
0%
Veracruz Ixhuatlán del Sureste
0%
Veracruz Ixhuatlán de Madero
0%
Veracruz Ixmatlahuacan
0%
Oaxaca Ixpantepec Nieves
0%
Puebla Ixtacamaxtitlán
0%
Tlaxcala Ixtacuixtla de Mariano Matamoros
0%
Veracruz Ixtaczoquitlán
0%
Tlaxcala Ixtenco
0%
Puebla Ixtepec
0%
Yucatán Izamal
0%
Puebla Izúcar de Matamoros
0%
Veracruz Jalacingo
0%
Veracruz Jalcomulco
0%
Veracruz Jáltipan
0%
Veracruz Jamapa
0%
Tamaulipas Jaumave
0%
Veracruz Jesús Carranza
0%
Puebla Jolalpan
0%
Puebla Jonotla
0%
Puebla Jopala
0%
Veracruz José Azueta
0%
Puebla Juan C. Bonilla
0%
Puebla Juan Galindo
0%
Sinaloa Juan José Ríos
0%
Puebla Juan N. Méndez
0%
Veracruz Juan Rodríguez Clara
0%
Zacatecas Juchipila
0%
Veracruz Juchique de Ferrer
0%
Yucatán Kantunil
0%
Yucatán Kaua
0%
Veracruz La Antigua
0%
Oaxaca La Compañía
0%
Puebla Lafragua
0%
Tlaxcala La Magdalena Tlaltelulco
0%
Puebla La Magdalena Tlatlauquitepec
0%
Veracruz Landero y Coss
0%
Oaxaca La Pe
0%
Veracruz La Perla
0%
Oaxaca La Reforma
0%
Veracruz Las Choapas
0%
Veracruz Las Minas
0%
Oaxaca La Trinidad Vista Hermosa
0%
Veracruz Lerdo de Tejada
0%
Puebla Libres
0%
Tamaulipas Llera
0%
Oaxaca Loma Bonita
0%
Puebla Los Reyes de Juárez
0%
Zacatecas Luis Moya
0%
Oaxaca Magdalena Apasco
0%
Oaxaca Magdalena Jaltepec
0%
Oaxaca Magdalena Mixtepec
0%
Oaxaca Magdalena Teitipac
0%
Oaxaca Magdalena Tlacotepec
0%
Oaxaca Magdalena Yodocono de Porfirio Díaz
0%
Oaxaca Magdalena Zahuatlán
0%
Tamaulipas Mainero
0%
Veracruz Maltrata
0%
Yucatán Mama
0%
Yucatán Maní
0%
Veracruz Manlio Fabio Altamirano
0%
Veracruz Mariano Escobedo
0%
Oaxaca Mariscala de Juárez
0%
Veracruz Martínez de la Torre
0%
Oaxaca Mártires de Tacubaya
0%
San Luis Potosí Matehuala
0%
Oaxaca Matías Romero Avendaño
0%
San Luis Potosí Matlapa
0%
Yucatán Mayapán
0%
Puebla Mazapiltepec de Juárez
0%
Tlaxcala Mazatecochco de José María Morelos
0%
Veracruz Mecatlán
0%
Veracruz Mecayapan
0%
Veracruz Medellín de Bravo
0%
Tamaulipas Méndez
0%
Oaxaca Mesones Hidalgo
0%
San Luis Potosí Mexquitic de Carmona
0%
Zacatecas Mezquital del Oro
0%
Veracruz Miahuatlán
0%
Oaxaca Miahuatlán de Porfirio Díaz
0%
Tamaulipas Miguel Alemán
0%
Tamaulipas Miquihuana
0%
Veracruz Misantla
0%
Oaxaca Mixistlán de la Reforma
0%
Yucatán Mocochá
0%
Puebla Molcaxac
0%
Veracruz Moloacán
0%
Zacatecas Momax
0%
Oaxaca Monjas
0%
Yucatán Motul
0%
Zacatecas Moyahua de Estrada
0%
Yucatán Muna
0%
Tlaxcala Muñoz de Domingo Arenas
0%
Yucatán Muxupip
0%
Tlaxcala Nanacamilpa de Mariano Arista
0%
Veracruz Nanchital de Lázaro Cárdenas del Río
0%
Veracruz Naolinco
0%
Veracruz Naranjal
0%
Veracruz Naranjos Amatlán
0%
Oaxaca Natividad
0%
Tlaxcala Natívitas
0%
Puebla Naupan
0%
Veracruz Nautla
0%
Puebla Nauzontla
0%
Oaxaca Nazareno Etla
0%
Puebla Nealtican
0%
Puebla Nicolás Bravo
0%
Zacatecas Nochistlán de Mejía
0%
Puebla Nopalucan
0%
Zacatecas Noria de Ángeles
0%
Tamaulipas Nuevo Laredo
0%
Tamaulipas Nuevo Morelos
0%
Oaxaca Nuevo Zoquiápam
0%
Puebla Ocoyucan
0%
Zacatecas Ojocaliente
0%
Puebla Olintla
0%
Veracruz Oluta
0%
Veracruz Omealca
0%
Puebla Oriental
0%
Veracruz Orizaba
0%
Veracruz Otatitlán
0%
Veracruz Oteapan
0%
Yucatán Oxkutzcab
0%
Veracruz Ozuluama de Mascareñas
0%
Tamaulipas Padilla
0%
Puebla Pahuatlán
0%
Veracruz Pajapan
0%
Puebla Palmar de Bravo
0%
Tamaulipas Palmillas
0%
Yucatán Panabá
0%
Tlaxcala Panotla
0%
Veracruz Papantla
0%
Veracruz Paso del Macho
0%
Veracruz Paso de Ovejas
0%
Veracruz Perote
0%
Puebla Petlalcingo
0%
Yucatán Peto
0%
Puebla Piaxtla
0%
Oaxaca Pinotepa de Don Luis
0%
Veracruz Platón Sánchez
0%
Veracruz Playa Vicente
0%
Oaxaca Pluma Hidalgo
0%
Veracruz Poza Rica de Hidalgo
0%
Veracruz Pueblo Viejo
0%
Veracruz Puente Nacional
0%
Oaxaca Putla Villa de Guerrero
0%
Puebla Quecholac
0%
Puebla Quimixtlán
0%
Veracruz Rafael Delgado
0%
Puebla Rafael Lara Grajales
0%
Veracruz Rafael Lucio
0%
Oaxaca Reforma de Pineda
0%
Oaxaca Reyes Etla
0%
Veracruz Río Blanco
0%
Tamaulipas Río Bravo
0%
Yucatán Río Lagartos
0%
San Luis Potosí Rioverde
0%
Oaxaca Rojas de Cuauhtémoc
0%
Yucatán Sacalum
0%
Oaxaca Salina Cruz
0%
Veracruz Saltabarranca
0%
Oaxaca San Agustín Amatengo
0%
Oaxaca San Agustín Chayuco
0%
Oaxaca San Agustín de las Juntas
0%
Oaxaca San Agustín Loxicha
0%
Oaxaca San Agustín Tlacotepec
0%
Oaxaca San Agustín Yatareni
0%
Yucatán Sanahcat
0%
Oaxaca San Andrés Cabecera Nueva
0%
Oaxaca San Andrés Dinicuiti
0%
Oaxaca San Andrés Huaxpaltepec
0%
Oaxaca San Andrés Huayápam
0%
Oaxaca San Andrés Lagunas
0%
Oaxaca San Andrés Nuxiño
0%
Oaxaca San Andrés Paxtlán
0%
Oaxaca San Andrés Sinaxtla
0%
Oaxaca San Andrés Solaga
0%
Veracruz San Andrés Tenejapan
0%
Oaxaca San Andrés Teotilálpam
0%
Oaxaca San Andrés Tepetlapa
0%
Oaxaca San Andrés Yaá
0%
Oaxaca San Andrés Zabache
0%
Oaxaca San Antonino Castillo Velasco
0%
Oaxaca San Antonino Monte Verde
0%
Oaxaca San Antonio Acutla
0%
Oaxaca San Antonio de la Cal
0%
Oaxaca San Antonio Huitepec
0%
Oaxaca San Antonio Nanahuatípam
0%
Oaxaca San Antonio Sinicahua
0%
Oaxaca San Antonio Tepetlapa
0%
Oaxaca San Baltazar Chichicápam
0%
Oaxaca San Baltazar Loxicha
0%
Oaxaca San Baltazar Yatzachi el Bajo
0%
Oaxaca San Bartolomé Ayautla
0%
Oaxaca San Bartolomé Loxicha
0%
Oaxaca San Bartolomé Quialana
0%
Oaxaca San Bartolomé Yucuañe
0%
Oaxaca San Bartolomé Zoogocho
0%
Oaxaca San Bartolo Soyaltepec
0%
Oaxaca San Bernardo Mixtepec
0%
Tamaulipas San Carlos
0%
San Luis Potosí San Ciro de Acosta
0%
Oaxaca San Cristóbal Amoltepec
0%
Oaxaca San Cristóbal Lachirioag
0%
Oaxaca San Cristóbal Suchixtlahuaca
0%
Tlaxcala Sanctórum de Lázaro Cárdenas
0%
Tlaxcala San Damián Texóloc
0%
Puebla San Diego la Mesa Tochimiltzingo
0%
Oaxaca San Dionisio del Mar
0%
Oaxaca San Esteban Atatlahuca
0%
Oaxaca San Felipe Tejalápam
0%
Puebla San Felipe Teotlalcingo
0%
Puebla San Felipe Tepatlán
0%
Oaxaca San Felipe Usila
0%
Oaxaca San Francisco Cahuacuá
0%
Oaxaca San Francisco Cajonos
0%
Oaxaca San Francisco Chapulapa
0%
Oaxaca San Francisco Chindúa
0%
Oaxaca San Francisco del Mar
0%
Oaxaca San Francisco Jaltepetongo
0%
Oaxaca San Francisco Lachigoló
0%
Oaxaca San Francisco Logueche
0%
Oaxaca San Francisco Nuxaño
0%
Oaxaca San Francisco Ozolotepec
0%
Oaxaca San Francisco Sola
0%
Oaxaca San Francisco Telixtlahuaca
0%
Tlaxcala San Francisco Tetlanohcan
0%
Oaxaca San Francisco Tlapancingo
0%
Puebla San Gabriel Chilac
0%
Oaxaca San Gabriel Mixtepec
0%
Puebla San Gregorio Atzompa
0%
Oaxaca San Ildefonso Sola
0%
Oaxaca San Ildefonso Villa Alta
0%
Oaxaca San Jacinto Amilpas
0%
Oaxaca San Jacinto Tlacotepec
0%
Oaxaca San Jerónimo Silacayoapilla
0%
Oaxaca San Jerónimo Sosola
0%
Oaxaca San Jerónimo Taviche
0%
Oaxaca San Jerónimo Tecóatl
0%
Puebla San Jerónimo Tecuanipan
0%
Oaxaca San Jerónimo Tlacochahuaya
0%
Puebla San Jerónimo Xayacatlán
0%
Oaxaca San Jorge Nuchita
0%
Oaxaca San José Ayuquila
0%
Oaxaca San José Chiltepec
0%
Oaxaca San José Estancia Grande
0%
Oaxaca San José Lachiguiri
0%
Puebla San José Miahuatlán
0%
Tlaxcala San José Teacalco
0%
Oaxaca San Juan Achiutla
0%
Puebla San Juan Atzompa
0%
Oaxaca San Juan Bautista Atatlahuca
0%
Oaxaca San Juan Bautista Coixtlahuaca
0%
Oaxaca San Juan Bautista Cuicatlán
0%
Oaxaca San Juan Bautista Guelache
0%
Oaxaca San Juan Bautista Jayacatlán
0%
Oaxaca San Juan Bautista Lo de Soto
0%
Oaxaca San Juan Bautista Suchitepec
0%
Oaxaca San Juan Bautista Tlachichilco
0%
Oaxaca San Juan Bautista Tlacoatzintepec
0%
Oaxaca San Juan Bautista Tuxtepec
0%
Oaxaca San Juan Bautista Valle Nacional
0%
Oaxaca San Juan Cacahuatepec
0%
Oaxaca San Juan Chicomezúchil
0%
Oaxaca San Juan Chilateca
0%
Oaxaca San Juan Cieneguilla
0%
Oaxaca San Juan Coatzóspam
0%
Oaxaca San Juan Comaltepec
0%
Oaxaca San Juan Cotzocón
0%
Oaxaca San Juan del Estado
0%
Oaxaca San Juan de los Cués
0%
Oaxaca San Juan Diuxi
0%
Veracruz San Juan Evangelista
0%
Oaxaca San Juan Guelavía
0%
Oaxaca San Juan Guichicovi
0%
Tlaxcala San Juan Huactzinco
0%
Oaxaca San Juan Ihualtepec
0%
Oaxaca San Juan Juquila Mixes
0%
Oaxaca San Juan Juquila Vijanos
0%
Oaxaca San Juan Lachao
0%
Oaxaca San Juan Lachigalla
0%
Oaxaca San Juan Lajarcia
0%
Oaxaca San Juan Lalana
0%
Oaxaca San Juan Mixtepec
0%
Oaxaca San Juan Ñumí
0%
Oaxaca San Juan Ozolotepec
0%
Oaxaca San Juan Petlapa
0%
Oaxaca San Juan Quiahije
0%
Oaxaca San Juan Quiotepec
0%
Oaxaca San Juan Sayultepec
0%
Oaxaca San Juan Tabaá
0%
Oaxaca San Juan Tamazola
0%
Oaxaca San Juan Teita
0%
Oaxaca San Juan Teitipac
0%
Oaxaca San Juan Tepeuxila
0%
Oaxaca San Juan Teposcolula
0%
Oaxaca San Juan Yaeé
0%
Oaxaca San Juan Yatzona
0%
Oaxaca San Juan Yucuita
0%
Oaxaca San Lorenzo
0%
Oaxaca San Lorenzo Albarradas
0%
Tlaxcala San Lorenzo Axocomanitla
0%
Oaxaca San Lorenzo Cacaotepec
0%
Oaxaca San Lorenzo Cuaunecuiltitla
0%
Oaxaca San Lorenzo Texmelúcan
0%
Oaxaca San Lucas Camotlán
0%
Oaxaca San Lucas Ojitlán
0%
Oaxaca San Lucas Quiaviní
0%
Tlaxcala San Lucas Tecopilco
0%
Oaxaca San Lucas Zoquiápam
0%
Oaxaca San Marcial Ozolotepec
0%
San Luis Potosí San Martín Chalchicuautla
0%
Oaxaca San Martín Huamelúlpam
0%
Oaxaca San Martín Itunyoso
0%
Oaxaca San Martín Lachilá
0%
Oaxaca San Martín Peras
0%
Puebla San Martín Texmelucan
0%
Oaxaca San Martín Tilcajete
0%
Puebla San Martín Totoltepec
0%
Oaxaca San Martín Toxpalan
0%
Oaxaca San Mateo Cajonos
0%
Oaxaca San Mateo del Mar
0%
Oaxaca San Mateo Etlatongo
0%
Oaxaca San Mateo Nejápam
0%
Oaxaca San Mateo Piñas
0%
Oaxaca San Mateo Río Hondo
0%
Oaxaca San Mateo Sindihui
0%
Oaxaca San Mateo Tlapiltepec
0%
Oaxaca San Mateo Yoloxochitlán
0%
Oaxaca San Mateo Yucutindoo
0%
Puebla San Matías Tlalancaleca
0%
Oaxaca San Melchor Betaza
0%
Oaxaca San Miguel Achiutla
0%
Oaxaca San Miguel Ahuehuetitlán
0%
Oaxaca San Miguel Aloápam
0%
Oaxaca San Miguel Chicahua
0%
Oaxaca San Miguel Chimalapa
0%
Oaxaca San Miguel del Puerto
0%
Puebla San Miguel Ixitlán
0%
Oaxaca San Miguel Mixtepec
0%
Oaxaca San Miguel Panixtlahuaca
0%
Oaxaca San Miguel Peras
0%
Oaxaca San Miguel Quetzaltepec
0%
Oaxaca San Miguel Santa Flor
0%
Oaxaca San Miguel Soyaltepec
0%
Oaxaca San Miguel Suchixtepec
0%
Oaxaca San Miguel Tecomatlán
0%
Oaxaca San Miguel Tequixtepec
0%
Oaxaca San Miguel Tilquiápam
0%
Oaxaca San Miguel Tlacamama
0%
Oaxaca San Miguel Tlacotepec
0%
Puebla San Miguel Xoxtla
0%
Oaxaca San Miguel Yotao
0%
Puebla San Nicolás de los Ranchos
0%
Oaxaca San Nicolás Hidalgo
0%
San Luis Potosí San Nicolás Tolentino
0%
Puebla San Pablo Anicano
0%
Oaxaca San Pablo Coatlán
0%
Oaxaca San Pablo Cuatro Venados
0%
Tlaxcala San Pablo del Monte
0%
Oaxaca San Pablo Huitzo
0%
Oaxaca San Pablo Huixtepec
0%
Oaxaca San Pablo Macuiltianguis
0%
Oaxaca San Pablo Tijaltepec
0%
Oaxaca San Pablo Yaganiza
0%
Oaxaca San Pedro Amuzgos
0%
Oaxaca San Pedro Apóstol
0%
Oaxaca San Pedro Cajonos
0%
Oaxaca San Pedro Comitancillo
0%
Oaxaca San Pedro Coxcaltepec Cántaros
0%
Oaxaca San Pedro Huamelula
0%
Oaxaca San Pedro Huilotepec
0%
Oaxaca San Pedro Ixcatlán
0%
Oaxaca San Pedro Jaltepetongo
0%
Oaxaca San Pedro Jicayán
0%
Oaxaca San Pedro Jocotipac
0%
Oaxaca San Pedro Juchatengo
0%
Oaxaca San Pedro Mártir Quiechapa
0%
Oaxaca San Pedro Mártir Yucuxaco
0%
Oaxaca San Pedro Mixtepec
0%
Oaxaca San Pedro Molinos
0%
Oaxaca San Pedro Ocopetatillo
0%
Oaxaca San Pedro Pochutla
0%
Oaxaca San Pedro Quiatoni
0%
Oaxaca San Pedro Sochiápam
0%
Oaxaca San Pedro Tapanatepec
0%
Oaxaca San Pedro Taviche
0%
Oaxaca San Pedro Teozacoalco
0%
Oaxaca San Pedro Teutila
0%
Oaxaca San Pedro Tidaá
0%
Oaxaca San Pedro Topiltepec
0%
Oaxaca San Pedro Totolápam
0%
Oaxaca San Pedro Yaneri
0%
Puebla San Pedro Yeloixtlahuaca
0%
Oaxaca San Pedro Yólox
0%
Oaxaca San Pedro y San Pablo Teposcolula
0%
Oaxaca San Pedro y San Pablo Tequixtepec
0%
Oaxaca San Pedro Yucunama
0%
Veracruz San Rafael
0%
Puebla San Salvador el Seco
0%
Puebla San Salvador el Verde
0%
Puebla San Salvador Huixcolotla
0%
Oaxaca San Sebastián Ixcapa
0%
Oaxaca San Sebastián Nicananduta
0%
Oaxaca San Sebastián Río Hondo
0%
Oaxaca San Sebastián Tecomaxtlahuaca
0%
Oaxaca San Sebastián Teitipac
0%
Puebla San Sebastián Tlacotepec
0%
Oaxaca San Sebastián Tutla
0%
Oaxaca San Simón Almolongas
0%
Oaxaca San Simón Zahuatlán
0%
Oaxaca Santa Ana Ateixtlahuaca
0%
Tlaxcala Santa Ana Nopalucan
0%
Oaxaca Santa Ana Tavela
0%
Oaxaca Santa Ana Tlapacoyan
0%
Oaxaca Santa Ana Yareni
0%
Oaxaca Santa Ana Zegache
0%
Tlaxcala Santa Apolonia Teacalco
0%
Tlaxcala Santa Catarina Ayometla
0%
Oaxaca Santa Catarina Cuixtla
0%
Oaxaca Santa Catarina Ixtepeji
0%
Oaxaca Santa Catarina Juquila
0%
Oaxaca Santa Catarina Lachatao
0%
Oaxaca Santa Catarina Loxicha
0%
Oaxaca Santa Catarina Mechoacán
0%
Oaxaca Santa Catarina Minas
0%
Oaxaca Santa Catarina Quiané
0%
Oaxaca Santa Catarina Quioquitani
0%
Oaxaca Santa Catarina Tayata
0%
Oaxaca Santa Catarina Ticuá
0%
Puebla Santa Catarina Tlaltempan
0%
Oaxaca Santa Catarina Yosonotú
0%
Oaxaca Santa Catarina Zapoquila
0%
Oaxaca Santa Cruz Amilpas
0%
Oaxaca Santa Cruz Itundujia
0%
Oaxaca Santa Cruz Mixtepec
0%
Oaxaca Santa Cruz Nundaco
0%
Oaxaca Santa Cruz Papalutla
0%
Tlaxcala Santa Cruz Quilehtla
0%
Oaxaca Santa Cruz Tacache de Mina
0%
Oaxaca Santa Cruz Tacahua
0%
Oaxaca Santa Cruz Tayata
0%
Oaxaca Santa Cruz Xitla
0%
Oaxaca Santa Cruz Xoxocotlán
0%
Oaxaca Santa Cruz Zenzontepec
0%
Yucatán Santa Elena
0%
Oaxaca Santa Gertrudis
0%
Puebla Santa Inés Ahuatempan
0%
Oaxaca Santa Inés del Monte
0%
Oaxaca Santa Inés de Zaragoza
0%
Oaxaca Santa Inés Yatzeche
0%
Tlaxcala Santa Isabel Xiloxoxtla
0%
Oaxaca Santa Lucía del Camino
0%
Oaxaca Santa Lucía Miahuatlán
0%
Oaxaca Santa Lucía Monteverde
0%
Oaxaca Santa Magdalena Jicotlán
0%
Oaxaca Santa María Apazco
0%
Oaxaca Santa María Atzompa
0%
Oaxaca Santa María Camotlán
0%
Oaxaca Santa María Chachoápam
0%
Oaxaca Santa María Chilchotla
0%
Oaxaca Santa María Chimalapa
0%
Oaxaca Santa María Colotepec
0%
Oaxaca Santa María Cortijo
0%
Zacatecas Santa María de la Paz
0%
San Luis Potosí Santa María del Río
0%
Oaxaca Santa María Guelacé
0%
Oaxaca Santa María Guienagati
0%
Oaxaca Santa María Huazolotitlán
0%
Oaxaca Santa María Ipalapa
0%
Oaxaca Santa María Ixcatlán
0%
Oaxaca Santa María Jacatepec
0%
Oaxaca Santa María Jaltianguis
0%
Oaxaca Santa María la Asunción
0%
Oaxaca Santa María Lachixío
0%
Oaxaca Santa María Mixtequilla
0%
Oaxaca Santa María Nativitas
0%
Oaxaca Santa María Nduayaco
0%
Oaxaca Santa María Ozolotepec
0%
Oaxaca Santa María Peñoles
0%
Oaxaca Santa María Petapa
0%
Oaxaca Santa María Quiegolani
0%
Oaxaca Santa María Sola
0%
Oaxaca Santa María Tataltepec
0%
Oaxaca Santa María Tecomavaca
0%
Oaxaca Santa María Temaxcalapa
0%
Oaxaca Santa María Temaxcaltepec
0%
Oaxaca Santa María Teopoxco
0%
Oaxaca Santa María Tepantlali
0%
Oaxaca Santa María Texcatitlán
0%
Oaxaca Santa María Tlahuitoltepec
0%
Oaxaca Santa María Tlalixtac
0%
Oaxaca Santa María Tonameca
0%
Oaxaca Santa María Totolapilla
0%
Oaxaca Santa María Xadani
0%
Oaxaca Santa María Yalina
0%
Oaxaca Santa María Yavesía
0%
Oaxaca Santa María Yolotepec
0%
Oaxaca Santa María Yosoyúa
0%
Oaxaca Santa María Yucuhiti
0%
Oaxaca Santa María Zaniza
0%
Oaxaca Santa María Zoquitlán
0%
Oaxaca Santiago Amoltepec
0%
Oaxaca Santiago Apoala
0%
Oaxaca Santiago Apóstol
0%
Oaxaca Santiago Astata
0%
Oaxaca Santiago Ayuquililla
0%
Oaxaca Santiago Cacaloxtepec
0%
Oaxaca Santiago Camotlán
0%
Oaxaca Santiago Choápam
0%
Oaxaca Santiago Comaltepec
0%
Oaxaca Santiago Huajolotitlán
0%
Oaxaca Santiago Huauclilla
0%
Oaxaca Santiago Ihuitlán Plumas
0%
Oaxaca Santiago Ixcuintepec
0%
Oaxaca Santiago Ixtayutla
0%
Oaxaca Santiago Jamiltepec
0%
Oaxaca Santiago Juxtlahuaca
0%
Oaxaca Santiago Lachiguiri
0%
Oaxaca Santiago Lalopa
0%
Oaxaca Santiago Laollaga
0%
Oaxaca Santiago Laxopa
0%
Oaxaca Santiago Llano Grande
0%
Oaxaca Santiago Matatlán
0%
Puebla Santiago Miahuatlán
0%
Oaxaca Santiago Miltepec
0%
Oaxaca Santiago Minas
0%
Oaxaca Santiago Nacaltepec
0%
Oaxaca Santiago Nejapilla
0%
Oaxaca Santiago Niltepec
0%
Oaxaca Santiago Nundiche
0%
Oaxaca Santiago Nuyoó
0%
Oaxaca Santiago Pinotepa Nacional
0%
Veracruz Santiago Sochiapan
0%
Oaxaca Santiago Suchilquitongo
0%
Oaxaca Santiago Tamazola
0%
Oaxaca Santiago Tapextla
0%
Oaxaca Santiago Tepetlapa
0%
Oaxaca Santiago Tetepec
0%
Oaxaca Santiago Texcalcingo
0%
Oaxaca Santiago Textitlán
0%
Oaxaca Santiago Tilantongo
0%
Oaxaca Santiago Tlazoyaltepec
0%
Veracruz Santiago Tuxtla
0%
Oaxaca Santiago Xanica
0%
Oaxaca Santiago Xiacuí
0%
Oaxaca Santiago Yaitepec
0%
Oaxaca Santiago Yaveo
0%
Oaxaca Santiago Yolomécatl
0%
Oaxaca Santiago Yosondúa
0%
Oaxaca Santiago Yucuyachi
0%
Oaxaca Santiago Zoochila
0%
San Luis Potosí Santo Domingo
0%
Oaxaca Santo Domingo Albarradas
0%
Oaxaca Santo Domingo Armenta
0%
Oaxaca Santo Domingo Ingenio
0%
Oaxaca Santo Domingo Ixcatlán
0%
Oaxaca Santo Domingo Nuxaá
0%
Oaxaca Santo Domingo Ozolotepec
0%
Oaxaca Santo Domingo Petapa
0%
Oaxaca Santo Domingo Roayaga
0%
Oaxaca Santo Domingo Tehuantepec
0%
Oaxaca Santo Domingo Teojomulco
0%
Oaxaca Santo Domingo Tepuxtepec
0%
Oaxaca Santo Domingo Tlatayápam
0%
Oaxaca Santo Domingo Tomaltepec
0%
Oaxaca Santo Domingo Tonaltepec
0%
Oaxaca Santo Domingo Xagacía
0%
Oaxaca Santo Domingo Yanhuitlán
0%
Oaxaca Santo Domingo Yodohino
0%
Oaxaca Santo Domingo Zanatepec
0%
Oaxaca Santos Reyes Tepejillo
0%
Oaxaca Santos Reyes Yucuná
0%
Puebla Santo Tomás Hueyotlipan
0%
Oaxaca Santo Tomás Jalieza
0%
Oaxaca Santo Tomás Mazaltepec
0%
Oaxaca Santo Tomás Tamazulapan
0%
Oaxaca San Vicente Lachixío
0%
Oaxaca San Vicente Nuñú
0%
San Luis Potosí San Vicente Tancuayalab
0%
Yucatán Seyé
0%
Oaxaca Silacayoápam
0%
Yucatán Sinanché
0%
Oaxaca Sitio de Xitlapehua
0%
Veracruz Sochiapa
0%
Veracruz Soconusco
0%
Veracruz Soledad Atzompa
0%
Veracruz Soledad de Doblado
0%
San Luis Potosí Soledad de Graciano Sánchez
0%
Puebla Soltepec
0%
Veracruz Soteapan
0%
Tamaulipas Soto la Marina
0%
Yucatán Sotuta
0%
Yucatán Sucilá
0%
Yucatán Sudzal
0%
Yucatán Suma
0%
Zacatecas Tabasco
0%
Yucatán Tahdziú
0%
Yucatán Tahmek
0%
Veracruz Tamalín
0%
San Luis Potosí Tamasopo
0%
Oaxaca Tamazulápam del Espíritu Santo
0%
San Luis Potosí Tamazunchale
0%
Veracruz Tamiahua
0%
San Luis Potosí Tampacán
0%
San Luis Potosí Tampamolón Corona
0%
Veracruz Tampico Alto
0%
San Luis Potosí Tamuín
0%
San Luis Potosí Tancanhuitz
0%
Veracruz Tancoco
0%
Oaxaca Tanetze de Zaragoza
0%
Oaxaca Taniche
0%
San Luis Potosí Tanlajás
0%
San Luis Potosí Tanquián de Escobedo
0%
Veracruz Tantima
0%
Veracruz Tantoyuca
0%
Veracruz Tatahuicapan de Juárez
0%
Oaxaca Tataltepec de Valdés
0%
Veracruz Tatatila
0%
Yucatán Teabo
0%
Yucatán Tecoh
0%
Veracruz Tecolutla
0%
Puebla Tecomatlán
0%
Puebla Tehuacán
0%
Veracruz Tehuipango
0%
Puebla Tehuitzingo
0%
Yucatán Tekal de Venegas
0%
Yucatán Tekantó
0%
Yucatán Tekax
0%
Yucatán Tekit
0%
Yucatán Tekom
0%
Yucatán Telchac Pueblo
0%
Yucatán Telchac Puerto
0%
Yucatán Temax
0%
Yucatán Temozón
0%
Veracruz Tempoal
0%
Veracruz Tenampa
0%
Puebla Tenampulco
0%
Veracruz Tenochtitlán
0%
Veracruz Teocelo
0%
Oaxaca Teococuilco de Marcos Pérez
0%
Tlaxcala Teolocholco
0%
Puebla Teopantlán
0%
Oaxaca Teotitlán de Flores Magón
0%
Oaxaca Teotitlán del Valle
0%
Puebla Teotlalco
0%
Oaxaca Teotongo
0%
Yucatán Tepakán
0%
Puebla Tepanco de López
0%
Veracruz Tepatlaxco
0%
Puebla Tepatlaxco de Hidalgo
0%
Puebla Tepeaca
0%
Zacatecas Tepechitlán
0%
Oaxaca Tepelmeme Villa de Morelos
0%
Puebla Tepemaxalco
0%
Puebla Tepeojuma
0%
Veracruz Tepetlán
0%
Puebla | Veracruz Tepetzintla
0%
Puebla Tepexco
0%
Puebla Tepexi de Rodríguez
0%
Puebla Tepeyahualco
0%
Puebla Tepeyahualco de Cuauhtémoc
0%
Tlaxcala Tepeyanco
0%
Tlaxcala Terrenate
0%
Puebla Teteles de Ávila Castillo
0%
Tlaxcala Tetla de la Solidaridad
0%
Tlaxcala Tetlatlahuca
0%
Veracruz Texcatepec
0%
Veracruz Texhuacán
0%
Veracruz Texistepec
0%
Yucatán Teya
0%
Puebla Teziutlán
0%
Veracruz Tezonapa
0%
Puebla Tianguismanalco
0%
Yucatán Ticul
0%
San Luis Potosí Tierra Nueva
0%
Veracruz Tihuatlán
0%
Puebla Tilapa
0%
Yucatán Timucuy
0%
Yucatán Tinum
0%
Yucatán Tixcacalcupul
0%
Yucatán Tixkokob
0%
Yucatán Tixméhuac
0%
Yucatán Tixpéhual
0%
Yucatán Tizimín
0%
Veracruz Tlachichilco
0%
Puebla Tlachichuca
0%
Veracruz Tlacojalpan
0%
Oaxaca Tlacolula de Matamoros
0%
Veracruz Tlacolulan
0%
Veracruz Tlacotalpan
0%
Puebla Tlacotepec de Benito Juárez
0%
Veracruz Tlacotepec de Mejía
0%
Oaxaca Tlacotepec Plumas
0%
Puebla Tlacuilotepec
0%
Puebla Tlahuapan
0%
Veracruz Tlalixcoyan
0%
Oaxaca Tlalixtac de Cabrera
0%
Veracruz Tlalnelhuayocan
0%
Puebla Tlaltenango
0%
Zacatecas Tlaltenango de Sánchez Román
0%
Veracruz Tlaltetela
0%
Puebla Tlanepantla
0%
Puebla Tlaola
0%
Puebla Tlapacoya
0%
Veracruz Tlapacoyan
0%
Puebla Tlapanalá
0%
Veracruz Tlaquilpa
0%
Puebla Tlatlauquitepec
0%
Veracruz Tlilapan
0%
Tlaxcala Tocatlán
0%
Puebla Tochimilco
0%
Puebla Tochtepec
0%
Veracruz Tonayán
0%
Tlaxcala Totolac
0%
Puebla Totoltepec de Guerrero
0%
Oaxaca Totontepec Villa de Morelos
0%
Veracruz Totutla
0%
Zacatecas Trancoso
0%
Veracruz Tres Valles
0%
Zacatecas Trinidad García de la Cadena
0%
Oaxaca Trinidad Zaachila
0%
Puebla Tulcingo
0%
Yucatán Tunkás
0%
Veracruz Tuxtilla
0%
Puebla Tuzamapan de Galeana
0%
Puebla Tzicatlacoyan
0%
Tlaxcala Tzompantepec
0%
Yucatán Tzucacab
0%
Yucatán Uayma
0%
Oaxaca Unión Hidalgo
0%
Veracruz Ursulo Galván
0%
Veracruz Uxpanapa
0%
Oaxaca Valerio Trujano
0%
Yucatán Valladolid
0%
Tamaulipas Valle Hermoso
0%
San Luis Potosí Vanegas
0%
Veracruz Vega de Alatorre
0%
San Luis Potosí Venado
0%
Veracruz Villa Aldama
0%
San Luis Potosí Villa de Arista
0%
San Luis Potosí Villa de Arriaga
0%
San Luis Potosí Villa de Guadalupe
0%
San Luis Potosí Villa de la Paz
0%
San Luis Potosí Villa de Pozos
0%
San Luis Potosí Villa de Reyes
0%
Oaxaca Villa de Santiago Chazumba
0%
Oaxaca Villa de Tamazulápam del Progreso
0%
Oaxaca Villa de Tututepec
0%
Oaxaca Villa de Zaachila
0%
Oaxaca Villa Díaz Ordaz
0%
Zacatecas Villa González Ortega
0%
Oaxaca Villa Hidalgo Yalálag
0%
San Luis Potosí Villa Juárez
0%
Oaxaca Villa Sola de Vega
0%
Oaxaca Villa Talea de Castro
0%
Oaxaca Villa Tejúpam de la Unión
0%
Tlaxcala Xaloztoc
0%
Tlaxcala Xaltocan
0%
Puebla Xayacatlán de Bravo
0%
Tlaxcala Xicohtzinco
0%
Tamaulipas Xicoténcatl
0%
Puebla Xicotepec
0%
Puebla Xicotlán
0%
San Luis Potosí Xilitla
0%
Puebla Xiutetelco
0%
Yucatán Xocchel
0%
Puebla Xochiapulco
0%
Puebla Xochiltepec
0%
Veracruz Yanga
0%
Puebla Yaonáhuac
0%
Tlaxcala Yauhquemehcan
0%
Yucatán Yaxcabá
0%
Oaxaca Yaxe
0%
Yucatán Yaxkukul
0%
Veracruz Yecuatla
0%
Puebla Yehualtepec
0%
Yucatán Yobaín
0%
Oaxaca Yogana
0%
Oaxaca Yutanduchi de Guerrero
0%
Puebla Zacapala
0%
Puebla Zacapoaxtla
0%
Tlaxcala Zacatelco
0%
Puebla Zautla
0%
Veracruz Zentla
0%
Puebla Zihuateutla
0%
Tlaxcala Ziltlaltépec de Trinidad Sánchez Santos
0%
Oaxaca Zimatlán de Álvarez
0%
Puebla Zinacatepec
0%
Veracruz Zongolica
0%
Puebla Zongozotla
0%
Veracruz Zontecomatlán de López y Fuentes
0%
Puebla Zoquiapan
0%
Puebla Zoquitlán
0%
Veracruz Zozocolco de Hidalgo
0%
No se encontraron pruebas coincidentes
Distribución de puntuación
Porcentaje de gente con cada puntuación
Porcentaje por número respondido
Historial de tus puntuaciones
No has intentado esta prueba.